书目信息 |
| 题名: |
人体运动力学
|
|
| 作者: | 叶永延 , 郑亦华 编著 | |
| 分册: | ||
| 出版信息: | 北京 人民体育出版社 1981 |
|
| 页数: | 147页 | |
| 开本: | 19cm | |
| 丛书名: | ||
| 单 册: | ||
| 中图分类: | G804.6 | |
| 科图分类: | ||
| 主题词: | 体育理论 , 人体动力学 | |
| 电子资源: | ||
| ISBN: | ||
| 000 | 00689nam0 2200253 45 | |
| 001 | 0181009215 | |
| 005 | 20060817164710.82 | |
| 010 | @dCNY0.51 | |
| 091 | @a7015.1929 | |
| 100 | @a19950627d1981 emky0chiy0121 ea | |
| 101 | 0 | @achi |
| 102 | @aCN@b110000 | |
| 105 | @ay 000yy | |
| 200 | 10 | @a人体运动力学@Aren ti yun dong li xue@f郑亦华,叶永延编著 |
| 210 | @a北京@c人民体育出版社@d1981 | |
| 215 | @a147页@d19cm | |
| 606 | 0 | @a体育理论 |
| 606 | @a人体动力学 | |
| 690 | @aG804.6 | |
| 701 | 0 | @a叶永延@Aye yong yan@4编著 |
| 701 | 0 | @a郑亦华@Azheng yi hua@4编著 |
| 801 | 2 | @aCN@bNLC@c20060817 |
| 801 | 0 | @aCN@b上海图书馆@c20060815 |
| 905 | @f1@b54976@dG804.6@e13@b54978-979@f2 | |
| 人体运动力学/郑亦华,叶永延编著.-北京:人民体育出版社,1981 |
| 147页;19cm |
| ISBN :CNY0.51 |
| ● |
| 相关链接 |
|
|
|
|
正题名:人体运动力学
索取号:G804.6/13
 
预约/预借
| 序号 | 登录号 | 条形码 | 馆藏地/架位号 | 状态 | 备注 |
| 1 | 0054976 | 000998647 | 密集书库/ [索取号:G804.6/13] | 在馆 | |
| 2 | 0054978 | 000998585 | 密集书库/ [索取号:G804.6/13] | 在馆 | |
| 3 | 0054979 | 000998576 | 第一样本阅览室/ [索取号:G804.6/13] | 在馆 | |
| 4 | 0446670 | 204466700 | 密集书库/ [索取号:G804.6/13] | 在馆 | |
| 5 | 0460331 | 204603312 | 密集书库/ [索取号:G804.6/13] | 在馆 | |
| 6 | 0465467 | 204654677 | 密集书库/ [索取号:G804.6/13] | 在馆 | |
| 7 | 0465577 | 204655774 | 密集书库/ [索取号:G804.6/13] | 在馆 |